Imiona na M - Statystyki

Ogólne statystyki
  • Ten quiz został rozwiązany 41 razy
  • Średni wynik to 19 z 32
Statystyki odpowiedzi
Hint Odpowiedź % Poprawnych
m Michał
94%
ż Maria
89%
m Marian
80%
ż Michalina
80%
m Mariusz
77%
ż Magdalena
71%
m Marek
71%
m Maciej
69%
m Marceli
69%
ż Marcelina
69%
m Marcin
69%
m Mateusz
69%
ż Martyna
66%
m Mirosław
66%
ż Marianna
63%
ż Maja
60%
m Mikołaj
60%
ż Mirosława
60%
ż Monika
60%
m Mieczysław
57%
ż Marta
54%
m Miłosz
54%
ż Małgorzata
49%
z Malwina
46%
ż Marzena
43%
m Maksymilian
37%
ż Mariola
37%
ż Marlena
37%
ż Mieczysława
34%
ż Matylda
31%
ż Melania
23%
ż Marzanna
14%
Nie znaleziono quizów pasujących do podanych kryteriów
Rozkład punktacji
Procent ludzi z każdym wynikiem
Percentyl według liczby udzielonych odpowiedzi
Twoja historia wyników
Nie rozwiązałeś tego quizu